000 00629nam a2200253Ia 4500
003 OSt
005 20221007100429.0
006 a|||||r|||| 00| 0
007 ta
008 221006b |||||||| |||| 00| 0 eng d
024 _a4,400
037 _cTextual
040 _aLCO
_cLCO
_beng
041 _2eng
_aeng
082 _aZ2,7,524, M0
100 _aPREM D R
_9688066
245 0 _aCross Examination
250 _a4
260 _aAllahabad
_bOrient law house
_c1980
300 _a580
650 _aCROSS EXAMINATION
_9701679
942 _hZ2,7,524, M0
_cTEXL
999 _c1173963
_d1173963